000 00898nam a22002537a 4500
005 2013011101481.0
008 130111t xxu||||| |||| 00| 0 eng d
010 _aENG-106547
020 _a0198092326
_c850.00
020 _a9780198092322
_c850.00
035 _aEN-90080
037 _bDBAD / PUB
040 _aDPL
_bENG
100 _91433
_aBhalla, Surjit S.
245 _aDevaluing to prosperity :
_cby Surjit S. Bhalla
_bmisaligned currencies and their growth consequences /
260 _aNew Delhi
_bOxford University Press
_c2013
270 _aYMCA Library Building, 1 Jai Singh Road,
_bNew Delhi
_e110001
300 _axviii, 263 p. :
_c22cm(Hb)
500 _aIncludes bibliographical references
700 _954724
700 _954727
942 _2ddc
_cEN
_mBHA
999 _c72895
_d72895